| 000 | 00395nam a2200169Ia 4500 | ||
|---|---|---|---|
| 001 | 26375 | ||
| 003 | IN-NITTTR | ||
| 005 | 20251114233332.0 | ||
| 008 | 251113s9999||||xx |||||||||||||| ||eng|| | ||
| 040 | _beng | ||
| 040 | _cIN-NITTTR | ||
| 041 | _aeng | ||
| 082 | _a006.693 C11 | ||
| 100 | _aTickoo, Sham | ||
| 245 | 0 |
_aCATIA : _b for engineers and designers / _cTickoo, Sham |
|
| 942 |
_2ddc _cBK |
||
| 999 |
_c29004 _d29004 |
||